01097 2200241 4500001002100000005001500021035002000036008004100056020001700097041000800114082001100122084001500133100004000148245007000188250001000258260003100268300004000299500002300339520041500362650002300777650003100800990002400831INLIS00000000000011220221107081647 a0010-0520000112221107 | | eng  a978546254957 aeng a346.54 a346.54 DIR0 aDirections by The Speaker Lok Sabha1 aDirections by The Speaker Lok Sabha /cTeam Lok Sabha Secretariat aed. 6 aNew Delhi :bAbacus,c2007 axiii, 103p.;illus.;22 cm. ;c22 cm. aIndeks : p. 87-103 aIn pursuance of the provisions of rule 389 and other rules of the Rules of Procedure and Conduct of Business in Lok Sabha and under his inherent powers, the Speaker of Lok Sabha has been issuing directions from time to time for regulating, subject to the provisions of the rules, certain matters not specifically provided for in the rules and also certain matters relating to the detailed working of the rules. 4aSpeaker-Directions 4aBusiness-Procedure-Conduct a12581/MKRI-P/V-2009